Obálka Náhled e-knihy:
PDF Epub
Pro půjčování e-knih musíte být přihlášeni.
Jak si půjčit online?

Vodník Boreček : další příběhy od říčky Pšovky /

Pohádkové příběhy o vodníku Borečkovi, který žije v tichých zákoutích říčky Pšovky. Oproti tradičním vodníkům není zlý, ale vystupuje jako dobrosrdečný ochránce přírody, který místo strašení raději lidem i zvířatům pomáhá

Uloženo v:
Hlavní autor: Mojžíš, Josef (Autor)
Médium: E-kniha
Jazyk:Czech
Vydáno: České Budějovice : Nová Forma, 2025
Vydání:Vydání první
Témata:
Tagy:
Žádné tagy
LEADER 01623nam a2200337 i 4500
001 312836
003 CZ PrSKC
005 20260601215729.0
007 ta
008 251023s2025 xr b 000 j cze d
015 |a cnb003710156 
020 |a 9788090965560  |q (brožováno) 
040 |a LIA001  |b cze  |e rda 
072 7 |a 821.162.3-3  |x Česká próza  |2 Konspekt 
100 1 |a Mojžíš, Josef  |4 aut 
245 1 0 |a Vodník Boreček :  |b další příběhy od říčky Pšovky /  |c Josef Mojžíš 
250 |a Vydání první 
264 1 |a České Budějovice :  |b Nová Forma,  |c 2025 
300 |a 57 stran ;  |c 21 cm 
336 |a text  |b txt  |2 rdacontent 
337 |a bez média  |b n  |2 rdamedia 
338 |a svazek  |b nc  |2 rdacarrier 
520 2 |a Pohádkové příběhy o vodníku Borečkovi, který žije v tichých zákoutích říčky Pšovky. Oproti tradičním vodníkům není zlý, ale vystupuje jako dobrosrdečný ochránce přírody, který místo strašení raději lidem i zvířatům pomáhá 
655 7 |a české příběhy  |7 fd133973  |2 czenas 
655 7 |a publikace pro děti  |7 fd133156  |2 czenas 
710 2 |a Nová Forma (firma)  |7 xx0215014  |4 pbl 
900 |a LIA001  |b 17 
044 |a xr 
910 |a RBIT002 
998 |d 422855  |a https://core.palmknihy.cz/api/books/422855/cover?t3ptbf  |b https://core.palmknihy.cz/api/books/422855/cover/400?t3ptbf  |c https://core.palmknihy.cz/api/books/422855/cover/50?t3ptbf  |e   |g 56  |i 9788090965560  |j https://core.palmknihy.cz/api/books/422855/preview.epub  |k https://core.palmknihy.cz/api/books/422855/preview.pdf  |l   |q 49  |r 1  |s https://www.palmknihy.cz/kniha/422855  |t ebook  |y 2025  |z 0 
999 |d 312834